LEADER 01217nam0-2200421---450 001 990005663190203316 005 20200504181917.0 035 $a000566319 035 $aUSA01000566319 035 $a(ALEPH)000566319USA01 035 $a000566319 100 $a20050315g18511852|||y0itaa50------ba 101 $afre 102 $afr 105 $a0 00||| 200 1 $aHistoire de la Restauration$fpar A. de Lamartine 210 $aParis$cV. Lecou ; Furne ; Pagnerre$d1851-1852 215 $a8 v.$d19 cm. 620 $dPARIS 676 $a944.06 700 1$aLAMARTINE,$bAlphonse : de$0176062 801 0$aIT$bSA$c20111219 912 $a990005663190203316 950 0$aDipar.to di Filosofia - Salerno$dDFAA 944.06 LAM$e480 FIL 951 $aAA 944.06 LAM$b480 FIL 951 $aAA 944.06 LAM$b481 FIL 951 $aAA 944.06 LAM$b482 FIL 951 $aAA 944.06 LAM$b483 FIL 951 $aAA 944.06 LAM$b484 FIL 951 $aAA 944.06 LAM$b485 FIL 951 $aAA 944.06 LAM$b486 FIL 951 $aAA 944.06 LAM$b487 FIL 959 $aBK 969 $aFIL 979 $c20121027$lUSA01$h1525 979 $c20121027$lUSA01$h1615 996 $aHistoire de la restauration$9289996 997 $aUNISA LEADER 01625nam 2200397 450 001 9910688473403321 005 20230626065500.0 024 7 $a10.5772/intechopen.77942 035 $a(CKB)5400000000044825 035 $a(NjHacI)995400000000044825 035 $a(EXLCZ)995400000000044825 100 $a20230626d2020 uy 0 101 0 $aeng 135 $aur||||||||||| 181 $ctxt$2rdacontent 182 $cc$2rdamedia 183 $acr$2rdacarrier 200 00$aFoams $eEmerging Technologies /$fedited by Huijin Xu, Chen Yang and Dengwei Jing 210 1$aLondon, United Kingdom :$cIntechOpen,$d2020. 215 $a1 online resource (154 pages) $cillustrations 311 $a1-83968-107-1 320 $aIncludes bibliographical references. 330 $aFoams are ubiquitous in human life and can be found in a variety of products and materials, such as sodas and sponges. There are liquid foams and solid foams, both of which have distinct properties useful for various applications. This book reviews, researches, and summarizes the potential uses of foam fluids and porous foams in engineering, medicine, and other industries. Chapters discuss different types of foams including multiphase foams, cellular foams, and ceramic foams as well as foam-generating mechanisms and techniques. 517 $aFoams 606 $aFoam 615 0$aFoam. 676 $a541.3451 702 $aXu$b Huijin 702 $aYang$b Chen 702 $aJing$b Dengwei 801 0$bNjHacI 801 1$bNjHacl 906 $aBOOK 912 $a9910688473403321 996 $aFoams$9130250 997 $aUNINA